|
|
|
|
| LEADER |
00000nab a2200000 a 4500 |
| 001 |
vtls000554766 |
| 003 |
SK-MaSNL |
| 005 |
20260303223330.0 |
| 008 |
150501c1995 xo 0 slo |
| 015 |
|
|
|a SNBRB19rr/mm-uuuuu
|
| 035 |
|
|
|a CL0554904
|
| 040 |
|
|
|a SNKBUCL
|b slo
|c SNKBUCL
|e AACR2
|
| 041 |
0 |
|
|a slo
|
| 044 |
|
|
|a xo
|c SK
|
| 080 |
|
|
|a 791.44.075
|2 1981
|
| 100 |
1 |
|
|a Biermann, Rudolf
|4 aut
|9 989186
|
| 245 |
1 |
0 |
|a Nakrúcať za milión
|b Zhovárame sa s Rudolfom Biermannom, filmovým producentom
|c Rudolf Biermann, Dalibor Hladík
|
| 300 |
|
|
|b Obr. 1
|
| 600 |
1 |
7 |
|a Biermann, Rudolf,
|d 1958-
|2 snkbucl
|9 257484
|
| 655 |
|
7 |
|a články z novín a časopisov
|2 snkbucl
|9 267496
|
| 700 |
1 |
|
|a Hladík, Dalibor,
|d 1970-2008
|4 aut
|9 9614
|
| 773 |
0 |
|
|t Smena
|g Roč. 3 a 48, č. 179 (3. 8. 1995), s. 5
|
| 850 |
|
|
|a Slovenská národná knižnica v Martine
|a MTA001
|
| 852 |
|
|
|a SNK
|b KIS3GCP
|
| 958 |
|
|
|a RK
|
| 958 |
|
|
|a SK
|
| 992 |
|
|
|a RBX
|
| 999 |
|
|
|c 2247263
|d 2249193
|